000 00623nam a2200241Ia 4500
003 OSt
005 20221007111123.0
006 a|||||r|||| 00| 0
007 ta
008 221006b |||||||| |||| 00| 0 eng d
024 _a22,611
037 _cTextual
040 _aLCO
_cLCO
_beng
041 _2eng
_aeng
082 _aX72:(Z2), L2
100 _aChawla O.P.
245 0 _aPersonal Taxation in India 1947 - 1970
260 _aBombay
_bSomaiya Publications Pvt. Ltd. India
_c1972
300 _a242
650 _aTAX
942 _hX72:(Z2), L2
_cTEXL
999 _c1192174
_d1192174